Esos que nunca volverán /

Uloženo v:
Podrobná bibliografie
Hlavní autor: Vera Ramírez, Antonio (autor)
Médium: Kniha
Jazyk:španělština
Vydáno: Barcelona, España : Producciones Editoriales, 1978, c1978
Edice:(F.B.I. ; 268)
Témata:
Tagy: Přidat tag
Žádné tagy, Buďte první, kdo vytvoří štítek k tomuto záznamu!

MARC

LEADER 00000nam^a2200000^a^4500
001 000584166
005 20250521000000.0
009 20260526153422.454
020 |a 84-365-1488-2 
037 |a Acervo ITESO - Biblioteca 
041 |a ESP 
082 |a 863.  |b VER BRI 
100 |a Vera Ramírez, Antonio  |e (autor) 
240 1 1 |a [Brigitte Montfort] 
245 1 0 |a Esos que nunca volverán /  |c A. Vera Ramírez. 
264 4 |a Barcelona, España :  |b Producciones Editoriales,  |c 1978, c1978 
300 |a 128 p. 
336 |a texto  |b txt  |2 rdacontenido 
337 |a sin mediación  |b n  |2 rdamedio 
338 |a volumen  |b nc  |2 rdasoporte 
440 1 |a (F.B.I. ;  |v 268) 
545 0 |a Antonio Vera Ramírez (1934- ), escritor español que publicó bajo el seudónimo Lou Corrigan, conocido por sus novelas pulp tanto policíacas, western como de terror. Se estima que publicó cerca de 1,000 novelas, de las cuales la mitad conforman la serie de la periodista (y espía) Brigitte Montfort (también conocida como Baby), que publicó entre 1965 hasta 1992, considerado el personaje más longevo en la historia de la literatura. 
649 |a XX 
650 |a Espías en la Literatura 
650 |a FBI en la Literatura 
650 |a Servicios Secretos de Inteligencia en la Literatura 
650 |a Novela Española 
650 |a Literatura Española -  |y Siglo XXI 
650 |a Literatura Policíaca y de Misterio -  |z España 
650 |a Espionaje y Contraespionaje en la Literatura 
910 |a Fondo Salvador Reynoso Reynoso 
920 |a Impresos - Libros 
930 |a Fondos Especiales 
940 |a Literatura 
905 |a 112 
901 |a 0500412376  |b IT2  |c ESP  |i 06117  |u 20250521 
902 |a https://opac.biblio.iteso.mx/vufind/Record/000584166